000 00398nam a2200145Ia 4500
008 151021s9999 xx 000 0 und d
050 _aRC 454.87 2011
245 _a_Abnormal Psychology / Jafar Mahmud
260 _aNew Delhi : A. P. H., 2011
300 _a334 p.
500 _aIncludes index
500 _aIncludes index
650 _a_Psychology
980 _a^d20140806 01:54:31^omwanik
999 _c14940
_d14940